Regeneration schemes boost retail centres (Record no. 72292)
[ view plain ]
| 000 -LEADER | |
|---|---|
| fixed length control field | 01238cam a2200229 4500 |
| 001 - CONTROL NUMBER | |
| control field | WB3910-08 |
| 008 - FIXED-LENGTH DATA ELEMENTS--GENERAL INFORMATION | |
| fixed length control field | 030312n2003 000 0 eng u |
| 035 ## - SYSTEM CONTROL NUMBER | |
| System control number | (Sirsi) u121608 |
| 245 ## - TITLE STATEMENT | |
| Title | Regeneration schemes boost retail centres |
| 260 ## - PUBLICATION, DISTRIBUTION, ETC. | |
| Date of publication, distribution, etc. | 2003 |
| 490 ## - SERIES STATEMENT | |
| Series statement | New Urban Futures |
| Volume/sequential designation | (10) 6 March 2003, 1(1) |
| 520 ## - SUMMARY, ETC. | |
| Summary, etc. | New regeneration programmes are driving up city centre retailers' profits according to "Retail ranking analysis 2003" published by research group Experian and there is a direct correlation between the economic success of a retail destination and investment in urban renewal. The study based on key performance indicators such as floorspace and retailer mix also shows regional retail centres growing because fashion retailers are expanding outside London to target brand-conscious consumers. Summary and national and regional ranking tables are available from Experian at http://press.experian.com/documents/showdoc.cfm?doc=1049 |
| 590 ## - LOCAL NOTE (RLIN) | |
| Local note | WB |
| 650 ## - SUBJECT ADDED ENTRY--TOPICAL TERM | |
| Topical term or geographic name entry element | REGENERATION PROGRAMMES |
| 650 ## - SUBJECT ADDED ENTRY--TOPICAL TERM | |
| Topical term or geographic name entry element | URBAN DEVELOPMENT |
| 650 ## - SUBJECT ADDED ENTRY--TOPICAL TERM | |
| Topical term or geographic name entry element | RETAIL CENTRES |
| 650 ## - SUBJECT ADDED ENTRY--TOPICAL TERM | |
| Topical term or geographic name entry element | URBAN REGENERATION |
| 650 ## - SUBJECT ADDED ENTRY--TOPICAL TERM | |
| Topical term or geographic name entry element | REDEVELOPMENT |
| 650 ## - SUBJECT ADDED ENTRY--TOPICAL TERM | |
| Topical term or geographic name entry element | RANKINGS |
| 690 ## - LOCAL SUBJECT ADDED ENTRY--TOPICAL TERM (OCLC, RLIN) | |
| Topical term or geographic name as entry element | PROPERTY-COMMERCIAL PROPERTY-RETAIL PROPERTY |
| 942 ## - ADDED ENTRY ELEMENTS (KOHA) | |
| Suppress in OPAC | 0 |
| Withdrawn status | Lost status | Source of classification or shelving scheme | Damaged status | Not for loan | Home library | Current library | Shelving location | Date acquired | Total Checkouts | Full call number | Barcode | Date last seen | Copy number | Price effective from | Koha item type |
|---|---|---|---|---|---|---|---|---|---|---|---|---|---|---|---|
| Dewey Decimal Classification | London | London | News article | 12/03/2003 | WB3910-08 | 121608-1001 | 06/08/2019 | 1 | 06/08/2019 | News article |